| 000 -LEADER |
| fixed length control field |
00849nam a22001577a 4500 |
| 003 - CONTROL NUMBER IDENTIFIER |
| control field |
OSt |
| 005 - DATE AND TIME OF LATEST TRANSACTION |
| control field |
20151216151230.0 |
| 008 - FIXED-LENGTH DATA ELEMENTS--GENERAL INFORMATION |
| fixed length control field |
151216b xxu||||| |||| 00| 0 eng d |
| 040 ## - CATALOGING SOURCE |
| Transcribing agency |
RUA |
| 082 ## - DEWEY DECIMAL CLASSIFICATION NUMBER |
| Classification number |
AED SOE 2004 B217 Or.1 |
| 100 ## - MAIN ENTRY--PERSONAL NAME |
| 9 (RLIN) |
4944 |
| Personal name |
SOEU CHANTHAN; ស៊ឺ ចាន់ថន |
| 245 ## - TITLE STATEMENT |
| Title |
Credit efficiency of prasac credit association on people livelihood in peam ro commune, peam ro district, prey veng province, ប្រសិទ្ធភាពឥណទានរបស់សមាគមន៍ឥណទានប្រាសាក់ ទៅលើមុខរបរចិញ្ចឹមជីវិតរបស់ប្រជាជន ឃុំពាមរក៍ ស្រុកពាមរក៍៦ ខេត្តព្រៃវែង. |
| 260 ## - PUBLICATION, DISTRIBUTION, ETC. (IMPRINT) |
| Place of publication, distribution, etc. |
Phnom Penh |
| Name of publisher, distributor, etc. |
RUA |
| Date of publication, distribution, etc. |
2004 |
| 300 ## - PHYSICAL DESCRIPTION |
| Extent |
xi; 52p. |
| Other physical details |
ill. |
| Dimensions |
29cm. |
| 942 ## - ADDED ENTRY ELEMENTS (KOHA) |
| Source of classification or shelving scheme |
|
| Koha item type |
AED |